Inventing the Middle Ages: the lives, works, and ideas of the great medievalists of the Twentieth Century

Furkejuvvon:
Bibliográfalaš dieđut
Váldodahkki: Cantor, Norman F (Dahkki)
Materiálatiipa: Girji
Giella:eaŋgalasgiella
Almmustuhtton: Nueva York Quill 1991
Preanttus:1a. ed
Fáttát:
Fáddágilkorat: Lasit fáddágilkoriid
Eai fáddágilkorat, Lasit vuosttaš fáddágilkora!

MARC

LEADER 00000cam a2200000 a 4500
001 UCC5046
003 CL-VaPUC
008 180913e19910000us |||||||||||||||||eng|d
020 |a 0688123023 
082 0 4 |a 940.1072  |b CAN  |2 21 
100 0 |a Cantor, Norman F  |e author  |9 599347 
245 1 0 |a Inventing the Middle Ages: the lives, works, and ideas of the great medievalists of the Twentieth Century 
250 |a 1a. ed 
300 |a 477 p 
942 |c BK 
945 |d 20180913 22:58:00  |a dcastane 
260 |a Nueva York  |b Quill  |c 1991 
650 0 |a Historiografía   |9 257871 
650 0 |a Edad media  |9 258041 
583 |a last modification  |c 20180913 22:58:00  |k Rodrigo Vera 
999 |c 372386  |d 372384 
952 |0 0  |1 0  |3 erb  |4 0  |6 940_107200000000000_CAN_1991  |7 0  |8 A  |9 490024  |a BIBHIS  |b BIBHIS  |i 550158K  |o 940.1072 CAN 1991  |p 550158K  |r 2025-01-20  |w 2019-11-24  |y BK  |z Catalogado en:20180913  |k HIS